000 01203pam a2200349 c 4500
001 3856804
003 EG-ScBUE
005 20260330094841.0
008 880920s2010 nyua f bd 001 0 eng d
020 _a9780071311038
020 _a0071311033
040 _aEG-ScBUE
_beng
_erda
_cEG-ScBUE
_dEG-ScBUE
082 0 4 _a591.5249
_bROB
_222
100 1 _aRoberts, Larry S.,
_930106
_d1935-
_eauthor.
245 1 0 _aFoundations of parasitology /
_cLarry S. Roberts, Florida International University, John Janovy, Jr., University of Nebraska-Lincoln.
250 _aEighth edition.
250 _aMcGraw Hill international edition.
264 1 _aNew York :
_bMcGraw Hill,
_c2010.
300 _axvii, 701 pages :
_billustrations (some color) ;
_c27 cm
336 _2rdacontent
_atext
_btxt
337 _aunmediated
_2rdamedia
_bn
338 _avolume
_bnc
_2rdacarrier
500 _aIncludes glossary.
504 _aIncludes bibliographical references and index.
650 7 _aParasitology.
_930107
_2BUEsh
650 7 _aParasites.
_930108
_2BUEsh
653 _cJune2012
655 _vReading book
700 1 _aJanovy, John,
_cJr.,
_d1937-
_eauthor.
942 _2ddc
_cBB
999 _c16763
_d16763